Поткін і Стаббс (Запис № 574129)

МАРК-запис
000 -Лідер
fixed length control field 00947 a2200241 4500
003 - Ідентифікатор контрольного номера
control field UA-OsUOA
005 - Дата та час останнього входження (трансакції)
control field 20230406121521.0
008 - Елементи даних фіксованої довжини – загальна інформація
fixed length control field 230406b un ||||| |||| 00| 0 ukr d
020 ## - Міжнародний стандартний книжковий номер (ISBN)
Міжнародний стандартний книжковий номер (ISBN) (НП) 9789669176882
040 ## - Джерело каталогізації
Агенція оригінальної каталогізації UA-OsUOA
Мова каталогізації ukr
Агенція, яка здійснювала перезапис UA-OsUOA
Агенція, яка здійснювала модифікацію UA-OsUOA
041 ## - Код мови
Код мови тексту/ звукової доріжки чи окремого заголовка (П) ukr
080 ## - Індекс Універсальної десяткової класифікації
Індекс Універсальної десяткової класифікації (УДК) (НП) 821.161.2(410)
090 ## - Локальний шифр розміщення
Класифікаційний індекс УДК 821.161.2(410)
Авторський знак (НП) Г85
100 ## - Основне введення – ім’я особи
Ім’я особи (НП) Грін С.
245 ## - Відомості про назву
Назва (НП) Поткін і Стаббс
Решта назви (НП) роман
Дані про відповідальність (НП) Софі Грін ; пер. з англ. Марія Головко ; іл. К. Дж. Маунтфорд
260 ## - Публікація, розповсюдження і т.п. (Вихідні дані)
Місце публікації, розповсюдження і т.п. (П) К.
Ім’я/ наймення видавництва, розповсюджувача і т.п. (П) Рідна мова
Дата публікації, розповсюдження і т.п. (П) 2021
300 ## - Фізичний опис
Обсяг 360 с.
Інші фізичні характеристики (НП) іл.
490 ## - Область серії
Назва серії Дитячий детектив
650 ## - Додаткове предметне введення – тематичний термін
Джерело заголовка чи терміна UDC
Тематичний термін чи географічна назва, як елемент введення (НП) 821 Художня література окремими мовами і мовними сім'ями
942 ## - Додаткові елементи входу (Коха)
Тип елемента Koha Книги
Source of classification or shelving scheme Universal Decimal Classification
955 ## - Код типу видання за змістом
Код типу видання за змістом (НП) Літературно-художні видання
Фонди
Стан вилучень Стан втрат Джерело класифікації або схеми стелажів Стан уражень Не для кредиту Постійне місце розташування Поточне розміщення Дата придбання Джерело придбання Вартість, звичайна ціна покупки Усього замовленно Повний номер виклику Штрих-код Дата останнього перегляду Дата останньої перевірки Вартість, ціна заміни Ціна ефективна від Тип елемента Koha
    Universal Decimal Classification     АБ - Абонемент НБ АБ - Абонемент НБ 06/04/2023 №11/05.04.2023 100.00 1 821.161.2(410) Г85 165789 06/03/2025 14/06/2023 100.00 06/04/2023 Книги